000 00881nam a22002897a 4500
001 BR8203770
003 BR-BrBNA
005 20230928091348.0
007 ta
008 230509b bl.||||| |||| 00| 0 por d
040 _aBR-BrBNA
_bpor
_cBiblioteca Nacional de Agricultura
041 _a(Por)
072 _aQ10
_b0210
_b/G514
090 _ 0210 BR8203770
110 1 _aCompanhia Paranaense de Silos e Armazens, Curitiba (Brasil)
_92485
245 1 _aFrigoconservacao da batata [Parana, Brasil]
260 3 _aCuritiba, PR (Brasil):
_c1982.
300 _a6 p.
500 _a(*) Documento disponível no(a) Companhia Paranaense de Silos e Armazens, Curitiba (Brazil). Biblioteca
650 _aPRESERVACAO DE ALIMENTO
650 _aCONGELAMENTO
650 _aFRIGORIFICO
650 _aBATATA
650 _aPARANA
909 _a202309
_bLucia
_c55
_dLucia Elande
942 _cBK
999 _c33550
_d33550